000 00621nam a2200229Ia 4500
003 OSt
005 20221007102328.0
006 a|||||r|||| 00| 0
007 ta
008 221006b |||||||| |||| 00| 0 eng d
024 _a10,061
037 _cTextual
040 _aLCO
_cLCO
_beng
041 _2eng
_aeng
082 _aV1:5:(Z), P0
100 _aIyer Venkat Au.
_9704416
245 0 _aDemocracy, Human Rights and the Rule of Law
260 _aNew
_bDelhi Lexis, Nexis Butterworths India
_c2000
300 _a276
942 _hV1:5:(Z), P0
_cTEXL
999 _c1179624
_d1179624